El engaño de las horas / (Record no. 21113)

MARC details
000 -LEADER
campo de control de longitud fija 00620nam a2200169 i 4500
001 - NÚMERO DE CONTROL
campo de control 21113
003 - IDENTIFICADOR DE NÚMERO DE CONTROL
campo de control ES-MaACL
005 - FECHA Y HORA DE LA ÚLTIMA TRANSACCIÓN
campo de control 20230906152424.0
007 - CAMPO FIJO DE DESCRIPCIÓN FÍSICA--INFORMACIÓN GENERAL
campo de control de longitud fija t|
008 - DATOS DE LONGITUD FIJA--INFORMACIÓN GENERAL
campo de control de longitud fija 021121s1913 sp ||||1| spa d
100 1# - ENTRADA PRINCIPAL--NOMBRE DE PERSONA
Nombre de persona Alas Pumariño, Armando de las.
9 (RLIN) 19161
245 13 - MENCIÓN DEL TÍTULO
Título El engaño de las horas /
Mención de responsabilidad, etc. son escenas, cuentos, ensayos de novela, crónicas y episodios compuestos por Armando de las Alas Pumariño que otras veces se firmaba Aristarco de Samotracia.
260 ## - PUBLICACIÓN, DISTRIBUCIÓN, ETC.
Lugar de publicación, distribución, etc. Oviedo :
Nombre del editor, distribuidor, etc. [s.n.],
Fecha de publicación, distribución, etc. 1913 (
Fabricante El Carbayón)
300 ## - DESCRIPCIÓN FÍSICA
Extensión 222 p. ;
Dimensiones 19 cm.
852 ## - LOCALIZACIÓN
Ubicación ES-MaACL
Número de control de estantería F-8446
852 ## - LOCALIZACIÓN
Ubicación ES-MaACL
Número de control de estantería D-3519
Sublocalización o colección R.138567
Holdings
Estatus retirado Estado de pérdida Estado de daño No para préstamo Biblioteca de origen Biblioteca actual Ubicación en estantería Fecha de adquisición Fuente de adquisición Total de préstamos Signatura topográfica completa Código de barras Visto por última vez Precio de reemplazo Tipo de ítem Koha
        Biblioteca del Ateneo de Madrid Biblioteca del Ateneo de Madrid Sala Valle Inclán 17/01/2008     D-3519 901021687 23/02/2023 23/02/2023 Libro impreso
        Biblioteca del Ateneo de Madrid Biblioteca del Ateneo de Madrid Sala Pecera Planta 2 17/01/2008     F-8446 1021686 23/02/2023 23/02/2023 Libro impreso